Básnická transcendencia literárnokritické eseje

Bibliographic Details
Main Author: Hamada, Milan, 1933-2023 (Author)
Other Authors: Bibová, Jana (Bookjacket designer)
Format: Book
Language:Slovak
PhysicalDescription:287 strán 20 cm
Published: Lučenec Lux libris 2025
ISBN:9788099997142
Edition:[1. vydanie]
Subjects:

MARC

LEADER 00000cam a2200000 4500
001 vtls012279711
003 SK-MaSNL
005 20260301110253.0
008 250716s2025 xo gr 000 edslo
015 |a SNBA2025 
020 |a 9788099997142  |q (viazané) 
040 |a SNK  |b slo  |c SNK  |e rda 
041 0 |a slo 
044 |a xo  |c SK 
072 7 |a 821.162.4.09  |x Slovenská literatúra (o nej)  |2 konspekt 
072 7 |a 82.0  |x Literatúra (teória)  |2 konspekt 
080 |a 821.162.4  |2 2011 
080 |a 82.0  |2 2011 
080 |a (0:82-4)  |2 2011 
080 |a 82-95  |2 2011 
100 1 |a Hamada, Milan,  |d 1933-2023  |4 aut  |9 222212 
245 1 0 |a Básnická transcendencia  |b literárnokritické eseje  |c Milan Hamada 
250 |a [1. vydanie] 
264 1 |a Lučenec  |b Lux libris  |c 2025 
300 |a 287 strán  |c 20 cm 
336 |a text  |b txt  |2 rdacontent 
337 |a bez média  |b n  |2 rdamedia 
338 |a zväzok  |b nc  |2 rdacarrier 
500 |a Obsahuje biografické a profesijné údaje o autorovi na záložke prebalu publikácie 
500 |a Poradie vydania podľa NA ISBN, celkovo 2. doplnené a prepracované vydanie 
504 |a Obsahuje bibliografické poznámky 
650 0 7 |a slovenská literatúra  |2 SNKPH  |9 1115 
650 0 7 |a Slovak literature  |2 SNKPHeng  |9 265073 
650 0 7 |a literárna veda  |2 SNKPH  |9 1137 
650 0 7 |a Study of literature  |2 SNKPHeng  |9 266360 
650 0 7 |a literárna kritika  |2 SNKPH  |9 1138 
650 0 7 |a Literary criticism  |2 SNKPHeng  |9 265138 
655 7 |a eseje  |2 SNKPH  |9 57030 
655 7 |a Essays  |2 SNKPHeng  |9 267540 
700 1 |a Bibová, Jana  |4 bkd  |4 bjd  |9 372898 
852 |a Slovenská národná knižnica 
919 |a 978-80-99997-14-2 
954 |a odborná, vedecká literatúra pôvodná (slovenská)  |2 lita 
958 |a NB 
958 |a LX 
999 |c 702811  |d 704741 
952 |a SNK  |b SNK  |y PREZ  |7 0  |p 17A1576195  |o snkSD 93519  |i snk2025/11461  |8 0  |0 0  |1 0  |4 0  |d 2025-07-16  |l 0  |r 2026-02-23 21:04:29  |w 2026-02-23 
952 |a SNK  |b SNK  |y VYP  |7 0  |p 17A1577670  |o snkSD 93519 D1  |i snk2025/19002  |8 0  |g 14.58  |0 0  |1 0  |4 0  |d 2025-11-24  |l 0  |r 2026-02-23 21:04:29  |w 2026-02-23